| 000 | 01025nam a22002897a 4500 | ||
|---|---|---|---|
| 003 | EG-ScBUE | ||
| 005 | 20220306150256.0 | ||
| 008 | 220306s2021 ua f 000 j ara d | ||
| 017 | _a2021 / 3294 | ||
| 020 | _a9789771459606 (vol. 1) | ||
| 020 | _a9789771459613 (vol. 2) | ||
| 040 |
_aEG-ScBUE _bara _erda _cEG-ScBUE _dEG-ScBUE |
||
| 082 | 0 | 4 |
_222 _a892.736 _bإ د ر |
| 100 | 1 |
_aإدريس، يوسف، _d1927-1991، _eمؤلف. |
|
| 245 | 1 | 2 |
_aالأعمال القصصية الكاملة / _cيوسف إدريس. |
| 250 | _aالطبعة الأولى. | ||
| 264 | 1 |
_aالجيزة : _bنهضة مصر للنشر، _c2021. |
|
| 300 |
_a2 مجلد ؛ _c28 سم |
||
| 336 |
_2rdacontent _aنص _btxt |
||
| 337 |
_2rdamedia _aبدون وسيط _bn |
||
| 338 |
_2rdacarrier _aمجلد _bnc |
||
| 505 | 0 | _aالجزء الأول -- الجزء الثاني. | |
| 650 | 7 |
_aالقصص القصيرة العربية _zمصر _yقرن 20. _2BUEsh |
|
| 653 |
_bARALIT _cMarch2022 |
||
| 655 |
_vReading book _934232 |
||
| 942 | _2ddc | ||
| 999 |
_c29858 _d29829 |
||